Úspěšná fúze v šesti bodech

Ako dosiahnuť úspešnú fúziu či akvizíciu. Jednotné vedenie. Komplexný prístup k fúzii. Udržanie talentov. Komunikácia . Firemná kultúra. Prvý deň spoločnej prevádzky. Rýchle a rozhodné riešenie problémov.

Salvato in:
Dettagli Bibliografici
Autore principale: Čmelík, Pavel
Natura: Capitolo di libro
Lingua:ceco
Soggetti:
Tags: Aggiungi Tag
Nessun Tag, puoi essere il primo ad aggiungerne!!

MARC

LEADER 00000naa$a2200000$$$4500
001 0086455
005 20231213141233.8
041 0 |a cze 
044 |a CZ 
245 1 0 |a Úspěšná fúze v šesti bodech  |c Pavel Čmelík 
520 |a Ako dosiahnuť úspešnú fúziu či akvizíciu. Jednotné vedenie. Komplexný prístup k fúzii. Udržanie talentov. Komunikácia . Firemná kultúra. Prvý deň spoločnej prevádzky. Rýchle a rozhodné riešenie problémov. 
610 2 0 |a fúzie 
610 2 0 |a akvizícia 
610 2 0 |a manažment 
610 2 0 |a manažéri 
610 2 0 |a zamestnanci 
610 2 0 |a riadenie 
610 2 0 |a komunikácia 
610 2 0 |a kultúra podniková 
100 1 |a Čmelík, Pavel